| 000 | 00507nam a2200205Ia 4500 | ||
|---|---|---|---|
| 003 | LK-CoDNM | ||
| 005 | 20240821095129.0 | ||
| 008 | 010623t1915 xxu||||| |||| 00| 1 eng d | ||
| 040 |
_aLK-CoDNM _dLK-CoDNM _eLK-CoDNM |
||
| 041 | _aeng | ||
| 080 |
_a7 _bH17 |
||
| 100 | _aDevi,Shovona | ||
| 245 | _aThe Orient Pearls | ||
| 260 |
_bMacmillan Company _aLondon _c1915 |
||
| 300 | _bVIII, 177P. ; 20 cm | ||
| 650 | _aSand River | ||
| 650 | _aThe Golden Parrot | ||
| 650 | _aWooden Maid | ||
| 942 | _cBK | ||
| 999 |
_c88450 _d88450 |
||